<?xml version="1.0" encoding="UTF-8"?>
<record
    xmlns:xsi="http://www.w3.org/2001/XMLSchema-instance"
    xsi:schemaLocation="http://www.loc.gov/MARC21/slim http://www.loc.gov/standards/marcxml/schema/MARC21slim.xsd"
    xmlns="http://www.loc.gov/MARC21/slim">

  <leader>02040nam a22002537a 4500</leader>
  <controlfield tag="001">6281</controlfield>
  <controlfield tag="003">FISKH</controlfield>
  <controlfield tag="005">20250509122122.0</controlfield>
  <controlfield tag="008">250408b        cb ||||| |||| 00| 0 eng d</controlfield>
  <datafield tag="040" ind1=" " ind2=" ">
    <subfield code="a">FISKH</subfield>
    <subfield code="b">khr</subfield>
    <subfield code="c">FISKH</subfield>
    <subfield code="d">FISKH</subfield>
  </datafield>
  <datafield tag="050" ind1=" " ind2=" ">
    <subfield code="a">PZ7</subfield>
  </datafield>
  <datafield tag="082" ind1=" " ind2=" ">
    <subfield code="a">800</subfield>
  </datafield>
  <datafield tag="100" ind1=" " ind2=" ">
    <subfield code="a">Doung</subfield>
  </datafield>
  <datafield tag="245" ind1=" " ind2=" ">
    <subfield code="a">&#x179A;&#x17BF;&#x1784; &#x1780;&#x17B6;&#x1780;&#x17B8;&#x200B; / </subfield>
    <subfield code="c">&#x1793;&#x17B7;&#x1796;&#x1793;&#x17D2;&#x1792;&#x178A;&#x17C4;&#x1799;&#x1796;&#x17D2;&#x179A;&#x17C7;&#x1794;&#x17B6;&#x1791;&#x17A2;&#x1784;&#x17D2;&#x1782;&#x178C;&#x17BD;&#x1784;</subfield>
  </datafield>
  <datafield tag="260" ind1=" " ind2=" ">
    <subfield code="a">&#x1797;&#x17D2;&#x1793;&#x17C6;&#x1796;&#x17C1;&#x1789; :</subfield>
    <subfield code="c">2005&#x200B; .</subfield>
  </datafield>
  <datafield tag="300" ind1=" " ind2=" ">
    <subfield code="a">44 pages : </subfield>
    <subfield code="b">illustrations ;</subfield>
    <subfield code="c">20 cm . </subfield>
  </datafield>
  <datafield tag="520" ind1=" " ind2=" ">
    <subfield code="a">&#x1796;&#x17D2;&#x179A;&#x17C7;&#x1794;&#x17B6;&#x1791;&#x1796;&#x17D2;&#x179A;&#x17A0;&#x17D2;&#x1798;&#x1791;&#x178F;&#x17D2;&#x178F; &#x1787;&#x17B6;&#x179F;&#x17D2;&#x178F;&#x17C1;&#x1785;&#x179F;&#x17C4;&#x1799;&#x179A;&#x17B6;&#x1787;&#x17D2;&#x1799;&#x1793;&#x17C5;&#x1793;&#x1782;&#x179A;&#x1796;&#x17B6;&#x179A;&#x17B6;&#x178E;&#x179F;&#x17B8;&#x200B;&#x1787;&#x17B6;&#x179F;&#x17D2;&#x179C;&#x17B6;&#x1798;&#x17B8;&#x179A;&#x1794;&#x179F;&#x17CB;&#x1793;&#x17B6;&#x1784;&#x1780;&#x17B6;&#x1780;&#x17B8; &#x17D4;&#x200B; &#x1793;&#x17B6;&#x1784;&#x1780;&#x17B6;&#x1780;&#x17B8;&#x1787;&#x17B6;&#x179F;&#x17D2;&#x179A;&#x17B8;&#x1785;&#x17B7;&#x178F;&#x17D2;&#x178F;&#x1798;&#x17B7;&#x1793;&#x179F;&#x17D2;&#x1798;&#x17C4;&#x17C7;&#x1793;&#x17B6;&#x1784;&#x1794;&#x17B6;&#x1793;&#x1785;&#x17B6;&#x1794;&#x17CB;&#x1785;&#x17B7;&#x178F;&#x17D2;&#x178F;&#x179F;&#x17D2;&#x179A;&#x179B;&#x17B6;&#x1789;&#x17CB;&#x1782;&#x17D2;&#x179A;&#x17BB;&#x178C;&#x178A;&#x17C2;&#x179B;&#x1787;&#x17B6;&#x1794;&#x17BB;&#x179A;&#x179F;&#x179F;&#x1784;&#x17D2;&#x17A0;&#x17B6;&#x179A;&#x17D4; &#x1780;&#x17D2;&#x179A;&#x17C4;&#x1799;&#x1798;&#x1780;&#x1791;&#x17C0;&#x178F;&#x1793;&#x17B6;&#x1784;&#x1780;&#x17CF;&#x179F;&#x17D2;&#x179A;&#x179B;&#x17B6;&#x1789;&#x17CB;&#x1794;&#x17BB;&#x179A;&#x179F;&#x1798;&#x17D2;&#x1793;&#x17B6;&#x1780;&#x17CB;&#x1791;&#x17C0;&#x178F; &#x1792;&#x17D2;&#x179C;&#x17BE;&#x17A2;&#x17C4;&#x1799;&#x200B;&#x1782;&#x17D2;&#x179A;&#x17BB;&#x178C;&#x1781;&#x17BA;&#x1784;&#x1799;&#x17C9;&#x17B6;&#x1784;&#x1781;&#x17D2;&#x179B;&#x17B6;&#x17C6;&#x1784; &#x1780;&#x17CF;&#x1799;&#x1780;&#x1793;&#x17B6;&#x1784;&#x1791;&#x17C5;&#x1794;&#x17D2;&#x179A;&#x1782;&#x179B;&#x17CB;&#x17A2;&#x17C4;&#x1799;&#x1796;&#x17D2;&#x179A;&#x17C7;&#x1794;&#x17B6;&#x1791;&#x1796;&#x17D2;&#x179A;&#x17A0;&#x17D2;&#x1798;&#x1791;&#x178F;&#x17D2;&#x178F;&#x179C;&#x17B7;&#x1789; &#x178A;&#x17C4;&#x1799;&#x1797;&#x17B6;&#x1796;&#x1798;&#x17B7;&#x1793;&#x179F;&#x17D2;&#x1798;&#x17C4;&#x17C7;&#x178F;&#x17D2;&#x179A;&#x1784;&#x17CB; &#x1791;&#x17D2;&#x179A;&#x1784;&#x17CB;&#x1780;&#x17CF;&#x1799;&#x1780;&#x1793;&#x17B6;&#x1784;&#x1791;&#x17C5;&#x1785;&#x1784;&#x179B;&#x17BE;&#x1780;&#x17D2;&#x1794;&#x17BC;&#x1793;&#x17A0;&#x17BE;&#x1799;&#x1794;&#x178E;&#x17D2;&#x178F;&#x17C2;&#x178F;&#x1793;&#x17B6;&#x1784;&#x178F;&#x17B6;&#x1798;&#x1791;&#x17B9;&#x1780;&#x179A;&#x17A0;&#x17BC;&#x178F;&#x179B;&#x1784;&#x17CB;&#x1791;&#x17BA;&#x1780;&#x179F;&#x17D2;&#x179B;&#x17B6;&#x1794;&#x17CB; &#x17D4;</subfield>
  </datafield>
  <datafield tag="520" ind1=" " ind2=" ">
    <subfield code="a">King Brahmadatta, the king of Varanasi, was the husband of Kaki. Kaki was a disloyal woman who fell in love with Kruda, a handsome man.
Later, she fell in love with another man, which made him very angry. He took her back to King Brahmadatta, who was unfaithful. He tied her to a raft and floated her down the river until she drowned.</subfield>
  </datafield>
  <datafield tag="650" ind1=" " ind2=" ">
    <subfield code="a">&#x1780;&#x17B6;&#x1780;&#x17B8;</subfield>
    <subfield code="v">&#x17A2;&#x1780;&#x17D2;&#x179F;&#x179A;&#x179F;&#x17B7;&#x179B;&#x17D2;&#x1794;&#x17CF;&#x200B;&#x1781;&#x17D2;&#x1798;&#x17C2;&#x179A;&#x1794;&#x17BB;&#x179A;&#x17B6;&#x178E;</subfield>
  </datafield>
  <datafield tag="650" ind1=" " ind2=" ">
    <subfield code="a">Kakey</subfield>
    <subfield code="v">Khmer Literature </subfield>
  </datafield>
  <datafield tag="700" ind1=" " ind2=" ">
    <subfield code="a">Ratana , Kleung</subfield>
    <subfield code="e">Illustrater</subfield>
  </datafield>
  <datafield tag="942" ind1=" " ind2=" ">
    <subfield code="2">ddc</subfield>
    <subfield code="c">KHB</subfield>
    <subfield code="n">0</subfield>
  </datafield>
  <datafield tag="999" ind1=" " ind2=" ">
    <subfield code="c">6281</subfield>
    <subfield code="d">6281</subfield>
  </datafield>
  <datafield tag="952" ind1=" " ind2=" ">
    <subfield code="0">0</subfield>
    <subfield code="1">0</subfield>
    <subfield code="2">ddc</subfield>
    <subfield code="4">0</subfield>
    <subfield code="7">0</subfield>
    <subfield code="8">KH</subfield>
    <subfield code="a">002</subfield>
    <subfield code="b">002</subfield>
    <subfield code="c">SKB</subfield>
    <subfield code="d">2025-04-08</subfield>
    <subfield code="l">0</subfield>
    <subfield code="o">LEA PZ7 800</subfield>
    <subfield code="p">2025-1008</subfield>
    <subfield code="r">2025-04-08 15:48:58</subfield>
    <subfield code="t">1</subfield>
    <subfield code="w">2025-04-08</subfield>
    <subfield code="y">BK</subfield>
  </datafield>
  <datafield tag="952" ind1=" " ind2=" ">
    <subfield code="0">0</subfield>
    <subfield code="1">0</subfield>
    <subfield code="2">ddc</subfield>
    <subfield code="4">0</subfield>
    <subfield code="7">0</subfield>
    <subfield code="8">KH</subfield>
    <subfield code="a">002</subfield>
    <subfield code="b">002</subfield>
    <subfield code="c">SKB</subfield>
    <subfield code="d">2025-05-09</subfield>
    <subfield code="l">0</subfield>
    <subfield code="o">LEA PZ7 800</subfield>
    <subfield code="p">FISSE01660</subfield>
    <subfield code="r">2025-05-09 10:12:22</subfield>
    <subfield code="t">2</subfield>
    <subfield code="w">2025-05-09</subfield>
    <subfield code="y">BK</subfield>
  </datafield>
</record>
